000 00298nam a2200145Ia 4500
100 _aAtkinson/ Leon
942 _cBK
654 _aComputer
245 _aCore PHP Programming
260 _bPearson Edu
_aAsia
_c2001
082 _a5.74
_bATK
300 _a769
546 _aENGLISH
999 _c21688
_d21688